|
|
|
|
| LEADER |
02784nam a2200733 i 4500 |
| 001 |
nkc20183038002 |
| 003 |
CZ PrNK |
| 005 |
20190114170127.0 |
| 007 |
ta |
| 008 |
180924s2018 xr ah e 000 0 cze |
| 015 |
|
|
|a cnb003038002
|
| 020 |
|
|
|a 978-80-262-1396-3
|q (vázáno)
|
| 035 |
|
|
|a (OCoLC)1085413835
|
| 040 |
|
|
|a ABA001
|b cze
|e rda
|
| 041 |
1 |
|
|a cze
|h ger
|
| 045 |
|
|
|a x1x5
|
| 072 |
|
7 |
|a 159.96
|x Zvláštní duševní stavy a procesy. Hlubinná psychologie
|2 Konspekt
|9 17
|
| 080 |
|
|
|a 159.964
|2 MRF
|
| 080 |
|
|
|a 615.851:159.964
|2 MRF
|
| 080 |
|
|
|a 159.964.26:159.954.3
|2 MRF
|
| 080 |
|
|
|a 159.954
|2 MRF
|
| 080 |
|
|
|a 616-052
|2 MRF
|
| 080 |
|
|
|a 75.051
|2 MRF
|
| 080 |
|
|
|a (084.11)
|2 MRF
|
| 080 |
|
|
|a (082)
|2 MRF
|
| 130 |
0 |
|
|a Buch der Bilder.
|l Česky
|
| 245 |
1 |
0 |
|a Kniha obrazů :
|b poklady z archivu Institutu C.G. Junga v Curychu /
|c Ruth Ammann, Verena Kast, Ingrid Riedel (eds.) ; z německého originálu Das Buch der Bilder přeložil Petr Babka
|
| 250 |
|
|
|a Vydání první
|
| 264 |
|
1 |
|a Praha :
|b Portál,
|c 2018
|
| 300 |
|
|
|a 248 stran :
|b ilustrace (převážně barevné), faksimile ;
|c 27 cm
|
| 336 |
|
|
|a text
|b txt
|2 rdacontent
|
| 336 |
|
|
|a statický obraz
|b sti
|2 rdacontent
|
| 337 |
|
|
|a bez média
|b n
|2 rdamedia
|
| 338 |
|
|
|a svazek
|b nc
|2 rdacarrier
|
| 504 |
|
|
|a Obsahuje bibliografie a bibliografické odkazy
|
| 600 |
1 |
7 |
|a Jung, Carl Gustav,
|d 1875-1961
|7 jn19990004107
|2 czenas
|
| 648 |
|
4 |
|a 1917-1955
|
| 648 |
|
7 |
|a 20. století
|7 ch460558
|2 czenas
|
| 650 |
0 |
7 |
|a hlubinná psychologie
|7 ph120756
|2 czenas
|
| 650 |
0 |
7 |
|a hlubinná psychoterapie
|7 ph114677
|2 czenas
|
| 650 |
0 |
7 |
|a aktivní imaginace
|7 ph276824
|2 czenas
|
| 650 |
0 |
7 |
|a kreativita
|7 ph121937
|2 czenas
|
| 650 |
0 |
7 |
|a pacienti
|7 ph123901
|2 czenas
|
| 650 |
0 |
7 |
|a obrazy
|7 ph123609
|y 20. století
|2 czenas
|
| 650 |
0 |
9 |
|a depth psychology
|2 eczenas
|
| 650 |
0 |
9 |
|a depth psychotherapy
|2 eczenas
|
| 650 |
0 |
9 |
|a active imagination
|2 eczenas
|
| 650 |
0 |
9 |
|a creative ability
|2 eczenas
|
| 650 |
0 |
9 |
|a patients
|2 eczenas
|
| 650 |
0 |
9 |
|a paintings
|y 20th century
|2 eczenas
|
| 655 |
|
7 |
|a obrazové publikace
|7 fd132947
|2 czenas
|
| 655 |
|
7 |
|a sborníky
|7 fd163935
|2 czenas
|
| 655 |
|
9 |
|a pictorial works
|2 eczenas
|
| 655 |
|
9 |
|a papers of several authors
|2 eczenas
|
| 700 |
1 |
|
|a Ammann, Ruth,
|d 1934-
|7 xx0229318
|4 edt
|
| 700 |
1 |
|
|a Kast, Verena,
|d 1943-
|7 jn20010309433
|4 edt
|
| 700 |
1 |
|
|a Riedel, Ingrid,
|d 1935-
|7 mzk2002160710
|4 edt
|
| 700 |
1 |
|
|a Babka, Petr,
|d 1967-
|7 jx20071016007
|4 trl
|
| 910 |
2 |
|
|a BOA001
|b 3-1420.009
|
| 990 |
|
|
|a BK
|
| 995 |
|
|
|a 01
|
| 991 |
|
|
|b 201812
|c NOV
|
| 996 |
6 |
|
|b 2610764457
|c 3-1420.009
|l MZK
|r Sklad / do 1 hodiny
|n 0
|p p.v.
|w 001698823
|u 000010
|a 1
|e BOA001
|j MZK50
|s P
|
| 996 |
6 |
|
|b 2610765447
|c 3-1420.009
|l MZK
|r HSS 4p
|n 0
|p kup
|h 159.96 BUC
|w 001698823
|u 000020
|a 0
|e BOA001
|j MZK50
|s P
|